20 Cent Words Quiz Stats

 Plays Quiz not verified by Sporcle

Support Sporcle.
Go Orange.
Score 0/20 Timer 04:00
0 Plays Today
Hint Cent Word % Correct
Period of one hundred yearscentury
91.7%
The act of moving upwardsascent
90.5%
One inch is equal to 2.54 of this unitcentimeter
89.6%
The act of moving downwardsdescent
89.3%
Fabulous creature, represented as half man and half horsecentaur
85.1%
The middle point within a circle or spherecenter
82.7%
Carnivorous arthropod having a body with many segmentscentipede
80.4%
An odor left in passing that may be traced scent
80.4%
The characteristic mode of pronunciation of a person or groupaccent
80.1%
Adjective: free from the guilt of a particular crime or offenseinnocent
72%
Hint Cent Word % Correct
Army officer in ancient Romecenturion
68.5%
Adjective: lying near, close, or contiguousadjacent
67.6%
The point on the Earth's surface that is directly above the focus of an earthquakeepicenter
66.7%
Country in the middle of AfricaCentral African Republic
64%
Person who lives to or beyond the age of 100 yearscentenarian
55.7%
One one-hundredth partpercent
54.2%
Equipment that puts an object in rotation around a fixed axis centrifuge
53.9%
Adjective: of late origin, existence, or occurrencerecent
53%
Adjective: making a splendid appearance or show; of exceptional beauty, size, etc. magnificent
42.9%
Adjective: causing or capable of producing evil or mischiefmaleficent
28%

You're not logged in!

Compare scores with friends on all Sporcle quizzes.
OR
Log In

From the Vault

Hangman - Movie Character

by PenguinsMeercats

No matter what, the movie character is definitely going to lose.
Remove Ads.
Support Sporcle.
Get the best of Sporcle when you Go Orange. This ad-free experience offers more features, more stats, and more fun while also helping to support Sporcle. Thank you for becoming a member.

Show Comments

Extras

Top Quizzes Today


Score Distribution

Your Account Isn't Verified!

In order to create a playlist on Sporcle, you need to verify the email address you used during registration. Go to your Sporcle Settings to finish the process.

Report this User

Report this user for behavior that violates our Community Guidelines.

Details: